| 000 | 00544nam a22001811a 4500 | ||
|---|---|---|---|
| 005 | 20110718133034.0 | ||
| 008 | 091005s1988 miu 001 0 eng d | ||
| 020 | _c0.00 | ||
| 040 | _aNEGST Library - Kenya | ||
| 050 | 4 | _aBS 325.T86 1988 | |
| 082 | 0 | _aBS 325.T86 1988 | |
| 245 | 0 | 1 | _a"Gegin min di -kamin=Tumag. |
| 260 |
_aGrand Rapids, Michigan : _bBibles International, _c1988. |
||
| 300 | _a772 p.; | ||
| 500 | _aAfricanan Includes maps. | ||
| 600 | 1 | 0 | _aTumag language - Bible. |
| 852 | _94.00 | ||
| 999 |
_c39619 _d39619 |
||